Advances in Cryptology- CRYPTO 2003 / (Record no. 188748)
[ view plain ]
| 000 -LEADER | |
|---|---|
| fixed length control field | 00883 a2200169 4500 |
| 003 - CONTROL NUMBER IDENTIFIER | |
| control field | Nust |
| 005 - DATE AND TIME OF LATEST TRANSACTION | |
| control field | 20221020133904.0 |
| 020 ## - INTERNATIONAL STANDARD BOOK NUMBER | |
| International Standard Book Number | 3540406743 |
| 040 ## - CATALOGING SOURCE | |
| Transcribing agency | Nust |
| 082 ## - DEWEY DECIMAL CLASSIFICATION NUMBER | |
| Classification number | 005.82,BON |
| 100 ## - MAIN ENTRY--PERSONAL NAME | |
| Personal name | Boneh, Dan |
| 9 (RLIN) | 100994 |
| 245 ## - TITLE STATEMENT | |
| Title | Advances in Cryptology- CRYPTO 2003 / |
| Statement of responsibility, etc. | Dan Boneh (Ed). |
| 260 ## - PUBLICATION, DISTRIBUTION, ETC. | |
| Place of publication, distribution, etc. | London |
| Name of publisher, distributor, etc. | Springer |
| 300 ## - PHYSICAL DESCRIPTION | |
| Extent | 630:p |
| 505 ## - FORMATTED CONTENTS NOTE | |
| Formatted contents note | Public Key Cryptanalysis I (Page-1), Alternate Adversary Models (Page-61), Invited Talk I (Page-96), Protocols (Page-110), Symmetric Key Cryptanalysis (Page-162) Public Key Cryptanalysis II (Page-212), Universal Compos ability (Page-247), Zero Knowledge (Page-282), Algebraic Geometry (Page-338), Public Key Construction (Page-366), Incited Talk II (Page-400), New Problems (Page-426) Symmetric Key Construction (Page-182), New Models (Page-530), Symmetric Key Cryptanalysis II (Page-583). |
| 942 ## - ADDED ENTRY ELEMENTS (KOHA) | |
| Source of classification or shelving scheme | |
| Koha item type | Book |
| Call number prefix | 005.82,BON |
| Withdrawn status | Lost status | Source of classification or shelving scheme | Damaged status | Not for loan | Permanent Location | Current Location | Shelving location | Date acquired | Full call number | Barcode | Date last seen | Price effective from | Koha item type | Public note |
|---|---|---|---|---|---|---|---|---|---|---|---|---|---|---|
| Military College of Signals (MCS) | Military College of Signals (MCS) | General Stacks | 12/12/2016 | 005.82,BON | MCS30510 | 12/08/2016 | 12/12/2016 | Book | Almirah No.9, Shelf No.4 |
